|
|
|
|
| LEADER |
01349nam a2200361 a 4500 |
| 001 |
37969 |
| 003 |
BD-DhAAL |
| 005 |
20220306102138.0 |
| 008 |
220306t1992 mau 001 0 eng d |
| 999 |
|
|
|c 43652
|d 43652
|
| 010 |
|
|
|a 92024555
|
| 020 |
|
|
|a 0877792844 :
|c $5.95
|
| 020 |
|
|
|a 9780877792840
|
| 040 |
|
|
|a DLC
|c DLC
|d DLC
|d BD-DhAAL
|
| 050 |
0 |
0 |
|a PN6081
|b .W365 1992
|
| 082 |
0 |
0 |
|a 082
|2 20
|
| 245 |
0 |
0 |
|a Webster's compact dictionary of quotations.
|
| 260 |
|
|
|a Springfield, Mass. :
|b Merriam-Webster,
|c c1992.
|
| 300 |
|
|
|a 420 pages ;
|c 15 cm.
|
| 500 |
|
|
|a Spine title: Webster's dictionary of quotations.
|
| 500 |
|
|
|a Selected, annotated, and assigned to categories by Sharon Goldstein.
|
| 500 |
|
|
|a Collection of 3,200 quotes--Cf. Pref.
|
| 500 |
|
|
|a Includes index.
|
| 541 |
|
|
|a Donated by Akbar Ali Khan
|e 37969
|
| 650 |
|
0 |
|a Quotations, English.
|9 46375
|
| 650 |
|
0 |
|a Quotations.
|9 46376
|
| 700 |
1 |
|
|a Goldstein, Sharon.
|9 46377
|
| 710 |
2 |
|
|a Merriam-Webster, Inc.
|9 46378
|
| 740 |
0 |
|
|a Compact dictionary of quotations.
|
| 740 |
0 |
|
|a Webster's dictionary of quotations.
|
| 852 |
|
|
|a Ayesha Abed Library
|c Akbar Ali Khan Collection
|
| 942 |
|
|
|2 ddc
|c BK
|
| 952 |
|
|
|0 0
|1 0
|2 ddc
|4 0
|6 082_000000000000000_WEB
|7 1
|9 69982
|a BRACUL
|b BRACUL
|c AAKC
|d 2022-03-06
|e Donated by Akbar Ali Khan
|l 0
|o 082 WEB
|p 3010037969
|r 2022-03-06
|t 1
|w 2022-03-06
|y BK
|